[Event "Bastia CC Summer op 9th"]
[Site "Bastia"]
[Date "2011.06.28"]
[Round "4"]
[White "Rochault, Marie Justine"]
[Black "Lhostis, Florian"]
[Result "0-1"]
[WhiteElo "1435"]
[BlackElo "1670"]
[PlyCount "88"]
[EventDate "2011.06.23"]
[EventType "swiss"]
[EventRounds "7"]
[EventCountry "FRA"]
[SourceTitle "EXT 2012"]
[Source "ChessBase"]
[SourceDate "2011.11.24"]
[SourceVersion "1"]
[SourceVersionDate "2011.11.24"]
[SourceQuality "1"]

1. e4 e6 2. d4 d5 3. e5 c5 4. Nf3 Nc6 5. Be3 Qb6 6. Nc3 Qxb2 7. Ne2 Qb6 8. dxc5 Bxc5 9. Nfd4 Nxe5 10. Bf4 Nc6 11. Rb1 Qa5+ 12. c3 a6 13. a4 Nxd4 14. Nxd4 Qxc3+ 15. Bd2 Qxd4 16. Be3 Qxd1+ 17. Rxd1 Bxe3 18. fxe3 Bd7 19. Rb1 Bc6 20. Bd3 Nf6 21. 0-0 0-0 22. a5 Ng4 23. Rfe1 Ne5 24. Bc2 Nc4 25. Rb4 Nxa5 26. Rg4 Nc4 27. Bd3 Ne5 28. Rd4 Nxd3 29. Rxd3 a5 30. Rd4 b5 31. Rg4 b4 32. Rb1 Rfb8 33. h3 b3 34. e4 a4 35. e5 b2 36. Rf4 a3 37. Rff1 a2 38. Rxb2 Rxb2 39. Ra1 Rb1+ 40. Rxb1 axb1Q+ 41. Kh2 d4 42. Kg3 Qg1 43. Kg4 Qxg2+ 44. Kf4 g5# 0-1